1675 1602 1316 1433 1612 1125 1868 1547 1275 1369 1474 1974 1709 1493 1217 1558 1531 1277 1010 1444 1842 1872 1011 1698 1719 1806 1914 1274 1284 1554 1632 1394 1272 1010 1382 1905 1024 1934 1195 1323 1699 1105 1909 1234 1146 1695 1901 1942 1760 1456 1407 1366 1138 1468 1932 1246 1920 1242 1731 1020 1264 1656 1804 1339 1550 1706 1157 1388 1373 1628 1646 1935 1225 1394 1652 1835 1129 1082 1088 1497 1217 1596 1275 1670 1840 1953 1172 1051 1063 1355 1860 1632 1680 1923 1136 1408 1622 1728 1988 BCNSPRNW ULIB Ver.6.0+V

เปลี่ยนเป็นภาษาไทย

Change to English
 แสดงรายละเอียดบรรณานุกรม
  กลับหน้าหลัก

Brief Record : Get Marc (ISO 2709) : E-mail record : QR code < ปิดหน้าต่าง
LEADER : 00000nam 2200000uu 4500
001    13399124783
003     ULIB
008    160323s2015||||th 000 0 eng d
020    ^a9781451190823
020    ^a1451190824
060  4 ^aWQ210^bB854d
100 1  ^aBriggs, Gerald G.
245 10 ^aDrugs in pregnancy and lactation :^ba reference guide to fetal and neonatal risk /^cGerald G. Briggs, Roger K. Freeman
250    ^a10th ed.
260    ^aPhiladelphia :^bWolters Kluwer Health/Lippincott Williams & Wilkins,^cc2015
300    ^axxii, 1703 p. ;^c28 cm.
504    ^aIncludes bibliographical references
650  2 ^aDrug Therapy^xadverse effects^vHandbooks.
650  2 ^aFetus^xdrug effects.
650  2 ^aLactation^xdrug effects^vHandbooks.
650  2 ^aPregnancy^xdrug effects^vHandbooks.
650  2 ^aObstetrics^xpharmacology.
700 1  ^aFreeman, Roger K.
945    ^p5460^l0^i000332
999    ^aเกษร โพธิ์สุวรรณ
รายการนี้ยังไม่มีแท็ก
คุณยังไม่ได้ล็อกอิน คุณสามารถมีกิจกรรมร่วมกับเว็บไซต์ได้ แต่ต้องล็อกอินก่อน ::
  ล็อกอิน

รายการสื่อสารสนเทศ

ลำดับที่ ประเภท เลขเรียก/บาร์โค้ด สถานที่ สถานะ
1. Book การพยาบาล
Book การพยาบาล
WQ210 B854d ฉ.1 
  Barcode: 000332
ห้องสมุดวิทยาเขตสวรรค์ประชารักษ์
►หนังสือทั่วไป
บนชั้น

รายการใกล้เคียง
    ผู้แต่ง [Briggs, Gerald G.]

BibComment


ยังไม่เคยถูกคอมเมนท์

คอมเมนท์ทรัพยากรรายการนี้
  คอมเมนท์: Drugs in pregnan..


 Copyright 2026. Bcnsprnw @Library